000
00204 a2200097 4500
020
_a
9780590748476
041
_a
eng
100
_a
Phoebe,Gilman
245
_a
The wonderful Pigs of Jillian Jiggs
942
_c
BK
999
_c
8779
_d
8779